Orte im Landkreis St. Wendel (Saarland) - Statistiken

Allgemein
  • Dieses Quiz wurde 4 mal gespielt
  • Das Durchschnittsergebnis liegt bei 51 aus 72
Antwortstatistiken
Gemeinde Einwohnerzahl Ort % Korrekt
Marpingen 2050 Alsweiler
100%
Freisen 420 Asweiler
100%
St. Wendel 3050 Bliesen
100%
Namborn 450 Eisweiler
100%
Freisen 200 Eitzweiler
100%
Freisen 3200 Freisen
100%
Oberthal 1350 Gronig
100%
Oberthal 1250 Güdesweiler
100%
Marpingen 4350 Marpingen
100%
Namborn 1100 Namborn
100%
Nohfelden 1100 Nohfelden
100%
Nonnweiler 1100 Nonnweiler
100%
Oberthal 2650 Oberthal
100%
Oberthal 750 Steinberg-Deckenhardt
100%
St. Wendel 7100 St. Wendel
100%
Tholey 2500 Tholey
100%
Nohfelden 1250 Türkismühle
100%
Wolfersweiler 1000 Wolfersweiler
100%
Namborn 1050 Baltersweiler
67%
Tholey 400 Bergweiler
67%
Marpingen 1050 Berschweiler
67%
Nonnweiler 530 Bierfeld
67%
Nohfelden 1150 Bosen
67%
St. Wendel 650 Bubach
67%
St. Wendel 200 Dörrenbach
67%
Nohfelden 150 Eckelhausen
67%
Nohfelden 800 Eiweiler
67%
Namborn 850 Furschweiler
67%
Nohfelden 850 Gonnesweiler
67%
Freisen 1100 Grügelborn
67%
Tholey 2650 Hasborn-Dautweiler
67%
Freisen 500 Haupersweiler
67%
Namborn 100 Heisterberg
67%
Namborn 900 Hirstein
67%
Namborn 1150 Hofeld-Mauschbach
67%
St. Wendel 1100 Hoof
67%
Nonnweiler 1200 Kastel
67%
St. Wendel 250 Marth
67%
Tholey 400 Neipel
67%
St. Wendel 1650 Niederkirchen
67%
St. Wendel 2850 Niederlinxweiler
67%
Freisen 2650 Oberkirchen
67%
St. Wendel 2150 Oberlinxweiler
67%
St. Wendel 600 Osterbrücken
67%
Nonnweiler 1600 Otzenhausen
67%
Namborn 60 Pinsweiler
67%
Nonnweiler 2150 Primstal
67%
Freisen 500 Reitscheid
67%
St. Wendel 800 Remmesweiler
67%
St. Wendel 250 Saal
67%
Tholey 750 Scheuern
67%
Nonnweiler 500 Schwarzenbach
67%
Freisen 450 Schwarzerden
67%
Nohfelden 750 Selbach
67%
Nohfelden 1150 Sötern
67%
Tholey 1300 Sotzweiler
67%
Tholey 3300 Theley
67%
Tholey 750 Überroth-Niederhofen
67%
Marpingen 2800 Urexweiler
67%
St. Wendel 1100 Urweiler
67%
Nohfelden 600 Walhausen
67%
St. Wendel 350 Werschweiler
67%
St. Wendel 1050 Winterbach
67%
Nonnweiler 850 Braunshausen
33%
Nohfelden 450 Eisen
33%
Namborn 380 Gehweiler
33%
St. Wendel 450 Leitersweiler
33%
Tholey 400 Lindscheid
33%
Nohfelden 400 Mosberg-Richweiler
33%
Nohfelden 950 Neunkirchen (Nahe)
33%
Namborn 450 Roschberg
33%
Nonnweiler 700 Sitzerath
33%
Keine übereinstimmenden Quizze gefunden
Verteilung der Resultate
Anzahl Personen mit jedem Resultat
Perzentil nach korrekt beantworteten Fragen
Ihre Resultats-Entwicklung
Sie haben dieses Quiz noch nicht gespielt